Pokémon nach hohem Angriffswert - Statistiken

Allgemein
  • Dieses Quiz wurde 50 mal gespielt
    4 seit der letzten Aktualisierung
  • Das Durchschnittsergebnis liegt bei 79 aus 206
Antwortstatistiken
Basiswert Typ(en) Pokémon % Korrekt
134 Drache/Flug Dragoran
100%
145 Drache/Eis Espinodon
100%
130 Drache/Boden Knakrack
100%
124 Drache/Flug Mega-Dragoran
100%
175 Drache/Eis Mega-Espinodon
100%
170 Drache/Boden Mega-Knakrack
100%
130 Drache Mega-Knakrack Z
100%
190 Psycho/Kampf Mega-Mewtu X
100%
150 Psycho Mega-Mewtu Y
100%
135 Drache/Flug Brutalanda
67%
165 Psycho/Eis Coronospa (Schimmelreiter)
67%
180 Psycho Deoxys (Angriffsform)
67%
150 Psycho Deoxys (Normalform)
67%
120 Stahl/Drache Dialga
67%
120 Geist/Drache Giratina (Urform)
67%
150 Boden Groudon
67%
130 Feuer/Flug Ho-Oh
67%
181 Pflanze/Stahl Katagami
67%
130 Drache/Eis Kyurem
67%
160 Normal Letarking
67%
130 Kampf Machomei
67%
139 Käfer/Kampf Masskito
67%
145 Drache/Flug Mega-Brutalanda
67%
130 Feuer/Drache Mega-Glurak X
67%
125 Normal Mega-Kangama
67%
140 Kampf/Psycho Mega-Meditalis
67%
180 Drache/Flug Mega-Rayquaza
67%
185 Käfer/Kampf Mega-Skaraborn
67%
120 Wasser/Drache Palkia
67%
180 Boden/Feuer Proto-Groudon
67%
165 Gestein Rameidon
67%
150 Drache/Flug Rayquaza
67%
160 Normal Regigigas
67%
170 Drache/Eis Schwarzes Kyurem
67%
125 Käfer/Kampf Skaraborn
67%
140 Boden/Normal Ursaluna
67%
120 Drache/Eis Weißes Kyurem
67%
120 Fee Zacian (Heldenhafter Krieger)
67%
150 Fee/Stahl Zacian (König des Schwertes)
67%
130 Unlicht Absol
33%
140 Gestein/Flug Aeropteryx
33%
120 Gestein/Boden Alola-Geowaz
33%
120 ??? Arceus
33%
125 Käfer/Gestein Armaldo
33%
135 Käfer/Gestein Axantor
33%
125 Feuer/Geist Azugladis
33%
120 Wasser/Kampf Bailonda
33%
120 Unlicht/Eis Baojian
33%
123 Wasser Barrakiefa
33%
128 Gift/Kampf Boninu
33%
135 Gestein Brockoloss
33%
135 Käfer/Stahl Cavalanzas
33%
160 Wasser Delfinator (Heldenform)
33%
125 Boden/Flug Demeteros (Inkarnationsform)
33%
145 Boden/Flug Demeteros (Tiergeistform)
33%
134 Gestein/Unlicht Despotar
33%
139 Drache/Unlicht Donnersichel
33%
140 Stahl/Geist Durengard (Klingenform)
33%
130 Pflanze/Psycho Eisenblatt
33%
134 Gestein/Elektro Eisendorn
33%
120 Gestein/Psycho Eisenfels
33%
140 Kampf/Elektro Eisenhand
33%
130 Fee/Kampf Eisenkrieger
33%
123 Elektro Elevoltek
33%
160 Psycho/Unlicht Entfesseltes Hoopa
33%
123 Feuer/Kampf Flambirex
33%
140 Feuer Flampivian
33%
125 Psycho/Kampf Galagladi
33%
140 Eis Galar-Flampivian
33%
160 Eis/Feuer Galar-Flampivian (Trance-Modus)
33%
125 Kampf/Flug Galar-Zapdos
33%
125 Wasser/Flug Garados
33%
120 Käfer/Stahl Genesect
33%
120 Gestein/Boden Geowaz
33%
135 Unlicht/Stahl Gladimperio
33%
124 Boden/Geist Golgantes
33%
125 Pflanze Gortrom
33%
120 Fee Granbull
33%
120 Kampf Hariyama
33%
125 Gestein Humanolith
33%
130 Pflanze/Kampf Kapilz
33%
130 Pflanze/Fee Kapu-Toro
33%
125 Kampf Karadonis
33%
120 Drache/Geist Katapuldra
33%
120 Kampf Kicklee
33%
125 Gestein Koknodon
33%
127 Feuer/Geist Kopplosio
33%
135 Kampf/Drache Koraidon
33%
125 Normal/Kampf Kosturso
33%
132 Kampf/Eis Krawell
33%
120 Wasser/Unlicht Krebutack
33%
135 Käfer/Kampf Kriechflügel
33%
135 Kampf Lauchzelot
33%
120 Feuer/Kampf Lohgock
33%
140 Wasser Lusardin (Schwarmform)
33%
120 Elektro Luxtra
33%
125 Kampf/Geist Marshadow
33%
147 Drache Maxax
33%
150 Unlicht Mega-Absol
33%
154 Unlicht/Geist Mega-Absol Z
33%
135 Gestein/Flug Mega-Aerodactyl
33%
165 Geist Mega-Banette
33%
150 Käfer/Gift Mega-Bibor
33%
137 Pflanze/Kampf Mega-Brigaron
33%
120 Feuer/Boden Mega-Camerupt
33%
140 Käfer/Gift Mega-Cerapendra
33%
120 Unlicht Mega-Darkrai
33%
164 Gestein/Unlicht Mega-Despotar
33%
160 Gestein/Fee Mega-Diancie
33%
148 Feuer/Kampf Mega-Flambirex
33%
147 Stahl/Fee Mega-Flunkifer
33%
165 Psycho/Kampf Mega-Galagladi
33%
155 Wasser/Unlicht Mega-Garados
33%
159 Boden/Geist Mega-Golgantes
33%
138 Pflanze/Feuer Mega-Halupenjo
33%
120 Feuer/Stahl Mega-Heatran
33%
160 Wasser/Drache Mega-Impergator
33%
130 Unlicht/Kampf Mega-Irokex
33%
157 Kampf/Eis Mega-Krawell
33%
130 Drache/Psycho Mega-Latios
33%
135 Kampf Mega-Legios
33%
160 Feuer/Kampf Mega-Lohgock
33%
145 Kampf/Stahl Mega-Lucario
33%
125 Stahl/Fee Mega-Magearna
33%
145 Stahl/Psycho Mega-Metagross
33%
140 Stahl/Flug Mega-Panzaeron
33%
155 Käfer/Flug Mega-Pinsir
33%
125 Wasser/Unlicht Mega-Quajutsu
33%
135 Elektro Mega-Raichu X
33%
137 Kampf/Flug Mega-Resladero
33%
132 Pflanze/Eis Mega-Rexblisar
33%
125 Pflanze/Gift Mega-Sarzenia
33%
150 Käfer/Stahl Mega-Scherox
33%
136 Normal/Kampf Mega-Schlapor
33%
125 Stahl/Boden Mega-Stahlos
33%
165 Boden/Stahl Mega-Stalobor
33%
140 Kampf/Flug Mega-Staraptor
33%
140 Wasser/Psycho Mega-Starmie
33%
140 Stahl Mega-Stolloss
33%
150 Wasser/Boden Mega-Sumpex
33%
150 Käfer/Stahl Mega-Tectass
33%
140 Gestein/Kampf Mega-Thanathora
33%
140 Wasser/Unlicht Mega-Tohaido
33%
145 Elektro Mega-Zapplarang
33%
157 Elektro Mega-Zeraora
33%
140 Kampf Meistagrif
33%
143 Stahl Melmetal
33%
128 Normal/Kampf Meloetta (Tanzform)
33%
135 Stahl/Psycho Metagross
33%
121 Gestein/Drache Monargoras
33%
131 Geist/Pflanze Moruda
33%
131 Gestein/Stahl Muramura
33%
157 Psycho/Stahl Necrozma (Abendmähne)
33%
120 Pflanze/Wasser Ogerpon (Brunnenmaske)
33%
120 Pflanze/Gestein Ogerpon (Fundamentmaske)
33%
120 Pflanze/Feuer Ogerpon (Ofenmaske)
33%
120 Pflanze Ogerpon (Türkisgrüne Maske)
33%
120 Unlicht/Fee Olangaar
33%
124 Kampf/Unlicht Pandagro
33%
125 Käfer Pinsir
33%
145 Eis Polaross
33%
150 Wasser Proto-Kyogre
33%
120 Kampf Quartermak
33%
120 Drache/Feuer Reshiram
33%
131 Boden/Kampf Riesenzahn
33%
140 Boden/Gestein Rihornior
33%
137 Käfer/Kampf Schabelle
33%
130 Käfer/Stahl Scherox
33%
120 Drache Shardrago
33%
120 Unlicht/Eis Snibunna
33%
130 Kampf/Gift Snieboss
33%
137 Psycho/Stahl Solgaleo
33%
135 Boden/Stahl Stalobor
33%
120 Normal/Flug Staraptor
33%
125 Käfer/Wasser Tectass
33%
129 Gestein/Kampf Terrakium
33%
125 Psycho Tobutz
33%
120 Wasser/Unlicht Tohaido
33%
167 Psycho/Drache Ultra-Necrozma
33%
123 Normal/Flug Washakwil
33%
125 Kampf Wie-Shu
33%
130 Kampf/Wasser Wulaosu (Fließender Stil)
33%
130 Kampf/Unlicht Wulaosu (Fokussierter Stil)
33%
127 Pflanze/Unlicht Wutpilz
33%
131 Fee Xerneas
33%
131 Unlicht/Flug Yveltal
33%
120 Kampf Zamazenta (Heldenhafter Krieger)
33%
120 Kampf/Stahl Zamazenta (König des Schildes)
33%
120 Unlicht/Pflanze Zarude
33%
150 Drache/Elektro Zekrom
33%
125 Unlicht/Stahl Caesurio
0%
120 Boden Donphan
0%
130 Feuer Flamara
0%
120 Pflanze Fruyal
0%
127 Eis/Gestein Hisui-Arktilas
0%
130 Wasser Kingler
0%
125 Unlicht/Flug Kramshef
0%
130 Eis/Boden Mamutel
0%
120 Unlicht Mastifioso
0%
120 Eis Mega-Firnontor
0%
125 Boden Pampross
0%
130 Stahl Patinaraja
0%
130 Boden/Gestein Rizeros
0%
130 Eis Siberio
0%
120 Normal/Flug Tukanon
0%
130 Normal Ursaring
0%
Keine übereinstimmenden Quizze gefunden
Verteilung der Resultate
Anzahl Personen mit jedem Resultat
Perzentil nach korrekt beantworteten Fragen
Ihre Resultats-Entwicklung
Sie haben dieses Quiz seit der letzten Aktualisierung nicht gespielt